000 00474nam a2200181Ia 4500
003 LK-CoDNM
008 010623t2006 xxu||||| |||| 00| 1 sin d
040 _aLK-CoDNM
_dLK-CoDNM
_eLK-CoDNM
041 _asin
080 _a82.6
_bGAM
100 _aGamlath, Sucharitha
245 _aසති සිතු මිණි - 1
246 _aSathi sithu mini - 1
260 _bPast publication
_aColombo
_c2006
300 _b239, 21.5 cm
650 _aLiterature
942 _cBK
999 _c126178
_d126178